[Event "Chigorin Memorial 28th"]
[Site "St Petersburg"]
[Date "2021.10.31"]
[Round "9"]
[White "Smorodkin, Kirill"]
[Black "Zverolovlev, Igor"]
[Result "1/2-1/2"]
[WhiteElo "1826"]
[BlackElo "2089"]
[PlyCount "57"]
[EventDate "2021.10.23"]
[EventType "swiss"]
[EventRounds "9"]
[EventCountry "RUS"]
[SourceTitle "EXT 2023"]
[Source "ChessBase"]
[SourceDate "2022.10.05"]
[SourceVersion "1"]
[SourceVersionDate "2022.10.05"]
[SourceQuality "1"]

1. e4 c5 2. Nf3 d6 3. d4 cxd4 4. Nxd4 Nf6 5. Nc3 a6 6. Be3 e5 7. Nb3 Be6 8. h3 h5 9. Qd2 b5 10. 0-0-0 Nbd7 11. f4 Qc7 12. Nd5 Bxd5 13. exd5 Rc8 14. Kb1 Be7 15. g3 Ne4 16. Qg2 Nxg3 17. Rg1 Nxf1 18. Rdxf1 Bf6 19. Qe4 Qc4 20. Nd2 Qxe4 21. Nxe4 Ke7 22. f5 Rc4 23. Nd2 Rc7 24. Ne4 Rc4 25. Nd2 Rcc8 26. Ne4 Rc4 27. Nd2 Rcc8 28. Ne4 Rc4 29. Nd2 1/2-1/2

[Event "St Petersburg Korchnoi Memorial op"]
[Site "St Petersburg"]
[Date "2019.08.15"]
[Round "2"]
[White "Smorodkin, Kirill"]
[Black "Evdokimov, Alexey2222"]
[Result "0-1"]
[WhiteElo "1837"]
[BlackElo "2326"]
[PlyCount "66"]
[EventDate "2019.08.14"]
[EventType "swiss"]
[EventRounds "9"]
[EventCountry "RUS"]
[SourceTitle "CBM 192"]
[Source "ChessBase"]
[SourceDate "2019.10.31"]
[SourceVersion "1"]
[SourceVersionDate "2019.10.31"]
[SourceQuality "1"]

1. e4 d6 2. d4 Nf6 3. Nc3 g6 4. Bg5 Bg7 5. Qd2 c6 6. 0-0-0 b5 7. Qe1 h6 8. Bh4 g5 9. Bg3 b4 10. Nb1 0-0 11. Bd3 Ba6 12. Qxb4 Bxd3 13. cxd3 Nbd7 14. Nc3 Rb8 15. Qa4 Qb6 16. Rd2 c5 17. d5 Ng4 18. Nge2 Nge5 19. b3 Rfc8 20. Kc2 Qb4 21. Rc1 a5 22. Kd1 Qb6 23. d4 cxd4 24. Nxd4 Nc5 25. Qb5 Qa7 26. Qe2 Ncd3 27. Bxe5 Nxc1 28. Kxc1 Bxe5 29. Nc6 Rxc6 30. dxc6 Bxc3 31. Rc2 Be5 32. Qg4 e6 33. g3 Qd4 0-1

[Event "St Petersburg Korchnoi Memorial op"]
[Site "St Petersburg"]
[Date "2019.08.14"]
[Round "1"]
[White "Khakimov, Timur"]
[Black "Smorodkin, Kirill"]
[Result "1-0"]
[WhiteElo "2269"]
[BlackElo "1837"]
[PlyCount "119"]
[EventDate "2019.08.14"]
[EventType "swiss"]
[EventRounds "9"]
[EventCountry "RUS"]
[SourceTitle "CBM 192"]
[Source "ChessBase"]
[SourceDate "2019.10.31"]
[SourceVersion "1"]
[SourceVersionDate "2019.10.31"]
[SourceQuality "1"]

1. e4 c5 2. Nf3 d6 3. d4 cxd4 4. Nxd4 Nf6 5. Nc3 a6 6. Rg1 e5 7. Nb3 Be6 8. g4 d5 9. g5 Nxe4 10. Nxe4 dxe4 11. Qxd8+ Kxd8 12. Be3 Kc7 13. Bg2 Bd5 14. 0-0-0 Bc6 15. Na5 Bb4 16. Nxc6 Nxc6 17. Bxe4 Rad8 18. c3 Ba5 19. Rg4 g6 20. Bxc6 Rxd1+ 21. Kxd1 Kxc6 22. Ke2 b5 23. Kd3 Bd8 24. Ke4 h5 25. Rg3 Kd6 26. Rg1 Ke6 27. a4 Bc7 28. axb5 axb5 29. Ra1 Rd8 30. Bc5 Rd2 31. b4 Kd7 32. Ra7 Kc6 33. Ra6+ Kb7 34. Rf6 Rd7 35. h4 Ka8 36. Ra6+ Kb7 37. Ra7+ Kc6 38. Ra6+ Kb7 39. Rf6 Ka8 40. Bf8 Kb7 41. Rf3 Kc6 42. Bg7 Bb8 43. Bxe5 Re7 44. Rf6+ Kb7 45. f4 Bc7 46. Kd5 Rd7+ 47. Ke4 Re7 48. Kf3 Rd7 49. Bxc7 Rxc7 50. Ke4 Rd7 51. Ke5 Kc7 52. Ra6 Kb7 53. Rd6 Rc7 54. Kf6 Rc4 55. Kxf7 Rxf4+ 56. Kxg6 Rxh4 57. Kh7 Rg4 58. g6 h4 59. g7 h3 60. g8Q 1-0

[Event "Chigorin Memorial 26th"]
[Site "St Petersburg"]
[Date "2018.11.01"]
[Round "6"]
[White "Smorodkin, Kirill"]
[Black "Postnikov, Roman"]
[Result "1-0"]
[WhiteElo "1819"]
[BlackElo "2158"]
[PlyCount "61"]
[EventDate "2018.10.27"]
[EventType "swiss"]
[EventRounds "9"]
[EventCountry "RUS"]
[SourceTitle "CBM 187 Extra"]
[Source "ChessBase"]
[SourceDate "2018.11.04"]
[SourceVersion "1"]
[SourceVersionDate "2018.11.04"]
[SourceQuality "1"]

1. e4 c5 2. Nf3 e6 3. d4 cxd4 4. Nxd4 Nc6 5. Nc3 Qc7 6. Be3 Nf6 7. Qf3 Bb4 8. Ndb5 Qb8 9. a3 Be7 10. 0-0-0 a6 11. Nd4 Bd6 12. Nxc6 bxc6 13. g4 Be5 14. g5 Ng8 15. h4 Ne7 16. h5 Bxc3 17. bxc3 Qe5 18. Bf4 Qc5 19. c4 e5 20. Bd2 a5 21. Qe3 Qd4 22. Qxd4 exd4 23. Bf4 Bb7 24. c5 Ba6 25. Bh3 Bc4 26. Rxd4 Be6 27. Be5 f6 28. Bxe6 fxe5 29. Bxd7+ Kf7 30. Rd3 a4 31. Rf3+ 1-0

[Event "Chigorin Memorial 26th"]
[Site "St Petersburg"]
[Date "2018.10.29"]
[Round "3"]
[White "Shemakhanov, Danila"]
[Black "Smorodkin, Kirill"]
[Result "0-1"]
[WhiteElo "1559"]
[BlackElo "1819"]
[PlyCount "190"]
[EventDate "2018.10.27"]
[EventType "swiss"]
[EventRounds "9"]
[EventCountry "RUS"]
[SourceTitle "CBM 187 Extra"]
[Source "ChessBase"]
[SourceDate "2018.11.04"]
[SourceVersion "1"]
[SourceVersionDate "2018.11.04"]
[SourceQuality "1"]

1. e4 e5 2. Nf3 Nc6 3. Nc3 Nf6 4. d4 exd4 5. Nxd4 Bb4 6. Nxc6 bxc6 7. Bd3 d5 8. exd5 cxd5 9. 0-0 0-0 10. h3 c6 11. Qf3 Re8 12. Bf4 Bxc3 13. bxc3 c5 14. Rfe1 Bd7 15. Rad1 Rxe1+ 16. Rxe1 c4 17. Bf1 Bf5 18. Re2 Be4 19. Qe3 Qa5 20. f3 Bg6 21. g4 h6 22. Qd4 Qxa2 23. Be5 Qa6 24. Rd2 Qb6 25. Bxf6 gxf6 26. Qxb6 axb6 27. Rxd5 Rc8 28. Rd6 b5 29. Rd2 Rb8 30. Kf2 Ra8 31. Rd5 Ra2 32. Rxb5 Rxc2+ 33. Ke1 Rxc3 34. Rc5 Rc1+ 35. Kf2 c3 36. f4 Bb1 37. g5 fxg5 38. fxg5 c2 39. Rc8+ Kg7 40. gxh6+ Kxh6 41. Rc6+ Kg7 42. Bd3 Rd1 43. Bxc2 Rd2+ 44. Kg3 Rxc2 45. Rb6 Rc3+ 46. Kg4 Bd3 47. h4 Rc5 48. Rd6 Be2+ 49. Kg3 Bh5 50. Kf4 Bg6 51. Kg4 Rc4+ 52. Kg3 Kh6 53. Rd5 Rc3+ 54. Kf4 Rd3 55. Rc5 Rd4+ 56. Kg3 f5 57. Rc8 Rd3+ 58. Kg2 f4 59. Rf8 Be4+ 60. Kf2 f3 61. Rh8+ Kg7 62. Re8 Rd2+ 63. Ke1 Re2+ 64. Kf1 Bd3 65. Rd8 Rd2+ 66. Ke1 f2+ 67. Kxd2 f1Q 68. Rxd3 Qf2+ 69. Kc3 Qxh4 70. Rd4 Qg3+ 71. Kc4 Qc7+ 72. Kd3 Kf6 73. Rc4 Qg3+ 74. Kd4 Qe5+ 75. Kd3 Kf5 76. Rd4 Qb5+ 77. Ke3 Qb3+ 78. Rd3 Qb6+ 79. Kd2 Ke4 80. Kc2 Qb4 81. Rc3 Qa4+ 82. Kb2 Kd4 83. Rb3 Qa5 84. Rh3 Qd2+ 85. Ka3 Qc1+ 86. Ka2 Qe1 87. Rb3 Kc4 88. Rb2 Qa5+ 89. Kb1 Qf5+ 90. Ka2 Kc3 91. Rb3+ Kc2 92. Rb2+ Kc1 93. Rb4 Qd3 94. Rb3 Qa6+ 95. Ra3 Qc4+ 0-1

[Event "Chigorin Memorial 26th"]
[Site "St Petersburg"]
[Date "2018.10.28"]
[Round "2"]
[White "Smorodkin, Kirill"]
[Black "Vetokhin, Ilia"]
[Result "0-1"]
[WhiteElo "1819"]
[BlackElo "2082"]
[PlyCount "76"]
[EventDate "2018.10.27"]
[EventType "swiss"]
[EventRounds "9"]
[EventCountry "RUS"]
[SourceTitle "CBM 187 Extra"]
[Source "ChessBase"]
[SourceDate "2018.11.04"]
[SourceVersion "1"]
[SourceVersionDate "2018.11.04"]
[SourceQuality "1"]

1. e4 c5 2. Nf3 Nc6 3. d4 cxd4 4. Nxd4 Nf6 5. Nc3 d6 6. Be2 e5 7. Nb3 Be7 8. Be3 0-0 9. 0-0 a5 10. a4 Nb4 11. f4 Be6 12. f5 Bd7 13. Qd2 Bc6 14. Bf3 d5 15. exd5 Nfxd5 16. Nxd5 Nxd5 17. Bxd5 Bxd5 18. Rfd1 Bc6 19. Qf2 Qc8 20. Bb6 Be4 21. Rd2 Bxf5 22. Kh1 Be6 23. Rad1 Bb4 24. Rd3 Qc6 25. Bc5 Rfe8 26. Bxb4 axb4 27. Nc5 Rac8 28. Nxe6 Qxe6 29. Rd6 Qc4 30. Rd7 e4 31. b3 Qe6 32. Rxb7 e3 33. Qe2 Rcd8 34. Rxb4 Rxd1+ 35. Qxd1 e2 36. Qe1 Qd6 37. Kg1 Qc5+ 38. Kh1 Qxb4 0-1

[Event "Nezhmetdinov Memorial 40th"]
[Site "Kazan"]
[Date "2018.09.21"]
[Round "9"]
[White "Maltsev, Vladimir"]
[Black "Smorodkin, Kirill"]
[Result "0-1"]
[WhiteElo "2222"]
[BlackElo "1875"]
[PlyCount "58"]
[EventDate "2018.09.13"]
[EventType "swiss"]
[EventRounds "9"]
[EventCountry "RUS"]
[SourceTitle "CBM 186 Extra"]
[Source "ChessBase"]
[SourceDate "2018.08.24"]
[SourceVersion "1"]
[SourceVersionDate "2018.08.24"]
[SourceQuality "1"]

1. d4 Nf6 2. c4 g6 3. Nf3 Bg7 4. Bf4 d6 5. h3 0-0 6. e3 b6 7. Be2 Bb7 8. Nc3 Nbd7 9. 0-0 d5 10. cxd5 Nxd5 11. Nxd5 Bxd5 12. Qc2 c5 13. Rfd1 cxd4 14. exd4 Rc8 15. Qa4 a5 16. Rac1 Nf6 17. Ne5 Bb7 18. Bb5 Nd5 19. Bd2 Qd6 20. Nc4 Qd8 21. Ne5 Rxc1 22. Bxc1 Qd6 23. Nc4 Qe6 24. Kf1 Qe4 25. f3 Qh4 26. Ne3 Nf4 27. Bd2 Rd8 28. Be1 Qh5 29. Ng4 Nxh3 0-1

[Event "Chigorin Memorial 25th"]
[Site "St Petersburg"]
[Date "2017.10.22"]
[Round "2"]
[White "Smorodkin, Kirill"]
[Black "Payen, Arnaud"]
[Result "0-1"]
[WhiteElo "1769"]
[BlackElo "2335"]
[PlyCount "104"]
[EventDate "2017.10.21"]
[EventType "swiss"]
[EventRounds "9"]
[EventCountry "RUS"]
[SourceTitle "CBM 181 Extra"]
[Source "ChessBase"]
[SourceDate "2017.12.12"]
[SourceVersion "1"]
[SourceVersionDate "2017.12.12"]
[SourceQuality "1"]

1. e4 Nf6 2. e5 Nd5 3. d4 d6 4. c4 Nb6 5. exd6 exd6 6. Nc3 Be7 7. Bd3 Nc6 8. Nge2 Bg4 9. Be3 Bh5 10. h3 0-0 11. 0-0 Re8 12. Qd2 Bg6 13. Bxg6 hxg6 14. b3 Bf6 15. Rad1 d5 16. c5 Nc8 17. Ng3 N8e7 18. Nce2 Qd7 19. Bg5 Nf5 20. Bxf6 gxf6 21. Nxf5 Qxf5 22. Ng3 Qg5 23. Qxg5 fxg5 24. Rd2 Re6 25. Ne2 f5 26. Nc3 Rd8 27. g3 Kf7 28. Kg2 a6 29. Rb1 Re7 30. b4 Rdd7 31. a4 a5 32. b5 Nb4 33. Na2 Nxa2 34. Rxa2 Re4 35. Rd2 Rde7 36. Kf1 Kf6 37. Rbd1 f4 38. gxf4 gxf4 39. Ra1 Kf5 40. Ra3 g5 41. Kg2 Re1 42. Raa2 R7e4 43. Ra3 Rc1 44. h4 g4 45. f3 Ree1 46. fxg4+ Kxg4 47. Kf2 Rh1 48. Kg2 f3+ 49. Kf2 Rh2+ 50. Ke3 Re1+ 51. Kd3 Rxd2+ 52. Kxd2 f2 0-1

[Event "Chigorin Memorial 25th"]
[Site "St Petersburg"]
[Date "2017.10.21"]
[Round "1"]
[White "Murzin, Volodar"]
[Black "Smorodkin, Kirill"]
[Result "1/2-1/2"]
[WhiteElo "2270"]
[BlackElo "1769"]
[PlyCount "81"]
[EventDate "2017.10.21"]
[EventType "swiss"]
[EventRounds "9"]
[EventCountry "RUS"]
[SourceTitle "CBM 181 Extra"]
[Source "ChessBase"]
[SourceDate "2017.12.12"]
[SourceVersion "1"]
[SourceVersionDate "2017.12.12"]
[SourceQuality "1"]

1. e4 c5 2. Nf3 e6 3. g3 Nc6 4. Bg2 d5 5. exd5 exd5 6. 0-0 Nf6 7. d4 Bg4 8. Re1+ Be7 9. dxc5 0-0 10. Nbd2 Bxc5 11. Nb3 Bb6 12. Be3 Bxe3 13. Rxe3 Qb6 14. h3 Bxf3 15. Bxf3 Rad8 16. Kg2 Rd7 17. Qd2 Rfd8 18. Rae1 h6 19. R3e2 d4 20. Qf4 d3 21. cxd3 Nb4 22. Nc1 Nxd3 23. Nxd3 Rxd3 24. b3 R3d7 25. h4 Rd4 26. Qe3 R4d6 27. Qxb6 Rxb6 28. Rc2 Rd7 29. Ree2 Rbd6 30. Re5 g6 31. Rec5 b6 32. Rc7 h5 33. Kf1 Kg7 34. Ke2 Re6+ 35. Kf1 Red6 36. Ke2 Re6+ 37. Kf1 Red6 38. Ke2 Re6+ 39. Kf1 Red6 40. Ke2 Re6+ 41. Kf1 1/2-1/2

[Event "St Petersburg Summer op"]
[Site "St Petersburg"]
[Date "2017.08.23"]
[Round "8"]
[White "Smorodkin, Kirill"]
[Black "Rykov, Ivan1111"]
[Result "1-0"]
[WhiteElo "1726"]
[BlackElo "1846"]
[PlyCount "99"]
[EventDate "2017.08.16"]
[EventType "swiss"]
[EventRounds "9"]
[EventCountry "RUS"]
[SourceTitle "CBM 180 Extra"]
[Source "ChessBase"]
[SourceDate "2017.10.06"]
[SourceVersion "1"]
[SourceVersionDate "2017.10.06"]
[SourceQuality "1"]

1. e4 e6 2. d4 d5 3. Bd3 Nf6 4. e5 Nfd7 5. Ne2 c5 6. c3 Nc6 7. 0-0 Qb6 8. Bc2 Be7 9. Re1 0-0 10. Qd3 f5 11. a3 a5 12. Nd2 Bg5 13. Nf3 Bxc1 14. Rexc1 h6 15. Nf4 Ne7 16. Qd2 c4 17. Rab1 Qc6 18. h4 b5 19. h5 Rf7 20. Nh4 Nf8 21. Re1 Bd7 22. Re3 Nh7 23. Rg3 Ng5 24. Nf3 Nxf3+ 25. gxf3 Kh8 26. Kh2 Rg8 27. Rbg1 Be8 28. Rh3 Qb6 29. Ng6+ Kh7 30. Rhg3 b4 31. axb4 axb4 32. f4 Nc6 33. f3 Qd8 34. Qg2 Rb7 35. Nf8+ Kh8 36. Nxe6 Qe7 37. Bxf5 bxc3 38. bxc3 Bd7 39. Rg6 Qf7 40. Qg4 Ne7 41. Rxg7 Rxg7 42. Qxg7+ Qxg7 43. Rxg7 Nxf5 44. Rg6 Rb2+ 45. Kh3 Ng7 46. Rxh6+ Kg8 47. f5 Nxf5 48. Rg6+ Ng7 49. Rxg7+ Kh8 50. Rxd7 1-0

[Event "St Petersburg Summer op"]
[Site "St Petersburg"]
[Date "2017.08.21"]
[Round "6"]
[White "Sych, Alina"]
[Black "Smorodkin, Kirill"]
[Result "0-1"]
[WhiteElo "1599"]
[BlackElo "1726"]
[PlyCount "88"]
[EventDate "2017.08.16"]
[EventType "swiss"]
[EventRounds "9"]
[EventCountry "RUS"]
[SourceTitle "CBM 180 Extra"]
[Source "ChessBase"]
[SourceDate "2017.10.06"]
[SourceVersion "1"]
[SourceVersionDate "2017.10.06"]
[SourceQuality "1"]

1. e4 c5 2. Nf3 e6 3. d4 cxd4 4. Nxd4 a6 5. Be2 Qc7 6. 0-0 Nf6 7. Nc3 b5 8. Bg5 Be7 9. a3 Bb7 10. Bf3 Nc6 11. Nxc6 dxc6 12. Qe2 e5 13. Rad1 0-0 14. Qe3 h6 15. Bh4 a5 16. Bxf6 Bxf6 17. Qc5 Be7 18. Nxb5 Bxc5 19. Nxc7 Ra7 20. b4 Bb6 21. b5 Bxc7 22. Rb1 cxb5 23. Be2 Bxe4 24. Rxb5 Bxc2 25. Rc1 Bg6 26. Rc6 Bd8 27. Bc4 Rc7 28. Rbc5 Rxc6 29. Rxc6 Bf6 30. h3 Rb8 31. Ra6 Rb1+ 32. Kh2 Rb2 33. Kg1 Bh4 34. Rxg6 Bxf2+ 35. Kh2 Be3 36. Ra6 Bf4+ 37. Kg1 Bg3 38. Kf1 e4 39. Rxa5 e3 40. Ra8+ Kh7 41. Re8 e2+ 42. Bxe2 Rb1+ 43. Bd1 Rxd1+ 44. Ke2 Re1+ 0-1

[Event "St Petersburg Summer op"]
[Site "St Petersburg"]
[Date "2017.08.19"]
[Round "4"]
[White "Smorodkin, Kirill"]
[Black "Putrenko, Kirill"]
[Result "0-1"]
[WhiteElo "1726"]
[BlackElo "1876"]
[PlyCount "104"]
[EventDate "2017.08.16"]
[EventType "swiss"]
[EventRounds "9"]
[EventCountry "RUS"]
[SourceTitle "CBM 180 Extra"]
[Source "ChessBase"]
[SourceDate "2017.10.06"]
[SourceVersion "1"]
[SourceVersionDate "2017.10.06"]
[SourceQuality "1"]

1. e4 c5 2. Nf3 e6 3. g3 Nc6 4. Bg2 d6 5. 0-0 g6 6. d4 cxd4 7. Nxd4 a6 8. Nc3 Bg7 9. Nb3 Nge7 10. Be3 0-0 11. Qd2 Ne5 12. Qe2 b5 13. Rad1 Nc4 14. Bc1 Qc7 15. h3 b4 16. Nb1 Nxb2 17. Bxb2 Bxb2 18. Qd2 Rd8 19. Qxb4 Rb8 20. Qd2 Bg7 21. c3 Bb7 22. Qc2 Rbc8 23. Nd4 d5 24. exd5 Bxd5 25. Qa4 Qc4 26. Qa3 Bxg2 27. Kxg2 Nd5 28. Rc1 Bxd4 29. cxd4 Qxd4 30. Qxa6 Rxc1 31. Rxc1 Qe4+ 32. Kg1 Ne3 33. Qc6 Rd1+ 34. Rxd1 Qxc6 35. fxe3 Qf3 36. Rd8+ Kg7 37. Nd2 Qxg3+ 38. Kf1 Qxe3 39. a4 Qf4+ 40. Ke2 Qxa4 41. Nf3 Qe4+ 42. Kf2 Qf4 43. Rd7 e5 44. Ke2 e4 45. Nd4 Qh2+ 46. Ke1 Qxh3 47. Rd5 e3 48. Ra5 Qh4+ 49. Ke2 Qxd4 50. Ra2 Qc4+ 51. Kxe3 Qxa2 52. Ke4 Qa5 0-1

[Event "Chigorin Memorial 24th"]
[Site "St Petersburg"]
[Date "2016.10.21"]
[Round "7"]
[White "Smorodkin, Kirill"]
[Black "Kievelitz, Bernd"]
[Result "1/2-1/2"]
[WhiteElo "1627"]
[BlackElo "1897"]
[PlyCount "85"]
[EventDate "2016.10.15"]
[EventType "swiss"]
[EventRounds "9"]
[EventCountry "RUS"]
[SourceTitle "CBM 175 Extra"]
[Source "ChessBase"]
[SourceDate "2016.12.12"]
[SourceVersion "1"]
[SourceVersionDate "2016.12.12"]
[SourceQuality "1"]

1. e4 c5 2. Nf3 e6 3. d4 cxd4 4. Nxd4 a6 5. Bd3 Nf6 6. 0-0 Qc7 7. Qe2 d6 8. f4 Nbd7 9. c4 Be7 10. b3 h5 11. Bb2 b6 12. Nc3 Bb7 13. Rae1 Qc5 14. Kh1 h4 15. Na4 Qc7 16. Kg1 Nc5 17. Nxc5 bxc5 18. Nf3 0-0-0 19. e5 Nh5 20. Qe3 Qc6 21. exd6 Bxd6 22. Be4 Qxe4 23. Qxe4 Bxe4 24. Rxe4 Bxf4 25. Be5 Bxe5 26. Rxe5 Nf6 27. Rxc5+ Kb7 28. Rg5 Rh7 29. Re5 Nd7 30. Ree1 Rh5 31. Re4 h3 32. gxh3 Nf6 33. Re5 Rxh3 34. Ng5 Rxh2 35. Nxf7 Rdd2 36. Rg5 Nh5 37. Nd8+ Kc8 38. Nxe6 Rxa2 39. Nxg7 Nxg7 40. Rxg7 Rh8 41. Rff7 Rd8 42. Rc7+ Kb8 43. Rb7+ 1/2-1/2

[Event "Viljandi Raud Memorial 50th"]
[Site "Viljandi"]
[Date "2016.06.29"]
[Round "3"]
[White "Raudsepp, Teet"]
[Black "Smorodkin, Kirill"]
[Result "1-0"]
[WhiteElo "1779"]
[BlackElo "1588"]
[PlyCount "71"]
[EventDate "2016.06.27"]
[EventType "swiss"]
[EventRounds "9"]
[EventCountry "EST"]
[SourceTitle "CBM 173 Extra"]
[Source "ChessBase"]
[SourceDate "2016.08.29"]
[SourceVersion "1"]
[SourceVersionDate "2016.08.29"]
[SourceQuality "1"]

1. e4 e5 2. d4 exd4 3. c3 d5 4. Qxd4 dxe4 5. Qxe4+ Qe7 6. Qxe7+ Bxe7 7. Bf4 c6 8. Nd2 Nd7 9. 0-0-0 Ngf6 10. Re1 Nd5 11. Bd6 Kd8 12. Bg3 Re8 13. Ngf3 Bf6 14. Bc4 N7b6 15. Bb3 Bf5 16. Ne5 Bxe5 17. Bxe5 f6 18. Bg3 Kd7 19. Nf3 Rad8 20. Nd4 Bg6 21. Bd1 h5 22. Nf3 Kc8 23. Nh4 Rxe1 24. Rxe1 Re8 25. Rg1 Bh7 26. Bxh5 Re4 27. Ng6 Nc4 28. b3 Ne5 29. Nxe5 fxe5 30. Kd2 Nxc3 31. Kxc3 Rd4 32. Rd1 Bg6 33. Bf3 c5 34. Bxe5 Rh4 35. g3 Rxh2 36. Bg4+ 1-0

[Event "Chigorin Memorial 23rd"]
[Site "St Petersburg"]
[Date "2015.10.11"]
[Round "9"]
[White "Ivanov, Artem"]
[Black "Smorodkin, Kirill"]
[Result "1-0"]
[WhiteElo "1898"]
[BlackElo "1516"]
[PlyCount "97"]
[EventDate "2015.10.03"]
[EventType "swiss"]
[EventRounds "9"]
[EventCountry "RUS"]
[SourceTitle "CBM 168 Extra"]
[Source "ChessBase"]
[SourceDate "2015.10.29"]
[SourceVersion "1"]
[SourceVersionDate "2015.10.29"]
[SourceQuality "1"]

1. e4 e5 2. Nc3 Nf6 3. Bc4 Nc6 4. d3 Na5 5. Nge2 Be7 6. 0-0 0-0 7. a3 Nxc4 8. dxc4 a5 9. Ng3 d6 10. Qe2 c6 11. Rd1 Qc7 12. b3 Rb8 13. h3 Bd7 14. a4 Rbd8 15. Bb2 Be6 16. Rd3 Rfe8 17. Rad1 Rd7 18. Re1 Bf8 19. Qf3 Qb6 20. Red1 Red8 21. Nf5 Bxf5 22. Qxf5 Qc7 23. Ne2 Be7 24. Ng3 g6 25. Qf3 Ne8 26. Qe3 Bf6 27. Bc3 Bg7 28. Qd2 b6 29. c5 Qb7 30. cxb6 d5 31. Bxa5 d4 32. Bb4 Rc8 33. Bc5 Ra8 34. a5 Ra6 35. b4 Nd6 36. c3 Nb5 37. Ne2 f5 38. f3 fxe4 39. fxe4 Rf7 40. c4 Nc3 41. Nxc3 dxc3 42. Qxc3 Ra8 43. Rd8+ Rxd8 44. Rxd8+ Bf8 45. Qxe5 Qa6 46. Qe6 Kg7 47. Bxf8+ Rxf8 48. Rxf8 Kxf8 49. Qxc6 1-0